[Event "Sachsen-Anhalt-ch Seniors 13th "]
[Site "Osterburg"]
[Date "2005.06.14"]
[Round "5"]
[White "Kielstein, Hans"]
[Black "Busch, Hans Herbert"]
[Result "0-1"]
[WhiteElo "1762"]
[BlackElo "1751"]
[PlyCount "48"]
[EventDate "2005.06.10"]
[EventType "swiss"]
[EventRounds "7"]
[EventCountry "GER"]
[SourceTitle "EXT 2007"]
[Source "ChessBase"]
[SourceDate "2006.11.23"]
[SourceVersion "1"]
[SourceVersionDate "2006.11.23"]
[SourceQuality "1"]

1. e4 c5 2. c4 Nc6 3. Ne2 Nf6 4. Nbc3 e6 5. d4 cxd4 6. Nxd4 Bb4 7. Nxc6 bxc6 8. Bd3 d6 9. 0-0 Bd7 10. Bg5 Qa5 11. Qd2 h6 12. Bh4 g5 13. Bg3 d5 14. Be5 Be7 15. exd5 Rg8 16. dxe6 Bxe6 17. Rfe1 Rd8 18. Qe2 Nd7 19. Bd4 Nf8 20. Qe3 Rd7 21. Ne4 Qd8 22. Bc5 Rxd3 23. Bxe7 Rxe3 24. Bxd8 Rxe1+ 0-1

[Event "Sachsen-Anhalt-ch Seniors 13th "]
[Site "Osterburg"]
[Date "2005.06.13"]
[Round "4"]
[White "Busch, Hans Herbert"]
[Black "Just, Gabriele"]
[Result "0-1"]
[WhiteElo "1751"]
[BlackElo "1862"]
[PlyCount "78"]
[EventDate "2005.06.10"]
[EventType "swiss"]
[EventRounds "7"]
[EventCountry "GER"]
[SourceTitle "EXT 2007"]
[Source "ChessBase"]
[SourceDate "2006.11.23"]
[SourceVersion "1"]
[SourceVersionDate "2006.11.23"]
[SourceQuality "1"]

1. d4 e6 2. c3 f5 3. Nf3 Nf6 4. Nbd2 Be7 5. e3 d6 6. Bd3 Nc6 7. e4 fxe4 8. Nxe4 e5 9. Qb3 d5 10. Nxf6+ gxf6 11. Bb5 e4 12. Ng1 Qd6 13. Ne2 a6 14. Bf4 Qe6 15. Bxc6+ Qxc6 16. 0-0-0 Bg4 17. Rde1 b5 18. h3 Bh5 19. g4 Bg6 20. Bg3 a5 21. Nf4 Bf7 22. Qc2 Bd6 23. Re3 0-0-0 24. Rhe1 Qb6 25. f3 h5 26. fxe4 Bxf4 27. Bxf4 Bg6 28. Qe2 Bxe4 29. gxh5 b4 30. Qg4+ f5 31. Qg6 Qb7 32. Be5 Rhg8 33. Qe6+ Kb8 34. Rg3 Rxg3 35. Bxg3 bxc3 36. b3 a4 37. Re3 axb3 38. Rxc3 b2+ 39. Kd2 b1N+ 0-1